LEADER 01682nam 2200421z- 450 001 9910346959403321 005 20210212 010 $a1000073100 035 $a(CKB)4920000000100928 035 $a(oapen)https://directory.doabooks.org/handle/20.500.12854/61450 035 $a(oapen)doab61450 035 $a(EXLCZ)994920000000100928 100 $a20202102d2017 |y 0 101 0 $ager 135 $aurmn|---annan 181 $ctxt$2rdacontent 182 $cc$2rdamedia 183 $acr$2rdacarrier 200 00$aU?ber die Syna?rese kolloidaler Strukturen am Beispiel von Siliciumdioxid 210 $cKIT Scientific Publishing$d2017 215 $a1 online resource (XVI, 188 p. p.) 311 08$a3-7315-0709-9 330 $aSilica is a naturally occuring solid substance with either a crystalline or amorphous structure. Industrially produced amorphous silica has a wide field of application. During the production process of amorphous silica, syneresis of the solid structures created occurs. In this work, the influences of the process parameters on syneresis are determined experimentally and a physically based model is proposed to describe syneresis. 606 $aBiotechnology$2bicssc 610 $acolloidal 610 $akolloidal 610 $arestructuring 610 $aRestrukturierung 610 $asilica 610 $aSiliciumdioxid 610 $aSyna?rese 610 $asyneresis 615 7$aBiotechnology 700 $aWilhelm$b Sebastian Maximilian$4auth$01280096 906 $aBOOK 912 $a9910346959403321 996 $aÜber die Synärese kolloidaler Strukturen am Beispiel von Siliciumdioxid$93016564 997 $aUNINA